[Event "Sri Lanka National B Chess Championship 2015"]
[Site "SLIIT, Malabe"]
[Date "2015.06.21"]
[Round "6"]
[Board "15"]
[White "Anojman, S."]
[Black "Nanayakkara, J A K Saranath"]
[Result "1/2-1/2"]
[WhiteElo "1610"]
[BlackElo "1872"]
[PlyCount "47"]
[EventDate "2015.06.19"]
[EventRounds "10"]
[EventCountry "SRI"]

1. d4 Nf6 2. Nf3 g6 3. Nc3 d5 4. Bf4 Bg7 5. Qd2 O-O 6. h4 h5 7. e3 Bf5 8. Bd3
Bxd3 9. cxd3 Na6 10. O-O c5 11. Rac1 cxd4 12. Nxd4 Ng4 13. Nf3 e5 14. Bg3 Re8
15. Rcd1 Qa5 16. d4 e4 17. Ne1 Qd8 18. Nc2 Bf6 19. f3 exf3 20. gxf3 Nh6 21. e4
Kh7 22. Nxd5 Bxh4 23. Bh2 f5 24. Qg2 1/2-1/2

[Event "Sri Lanka National B Chess Championship 2015"]
[Site "SLIIT, Malabe"]
[Date "2015.06.21"]
[Round "6"]
[Board "16"]
[White "Liyanapathirana, Pasan Vindula"]
[Black "Madusanka, L D P"]
[Result "1/2-1/2"]
[WhiteElo "1847"]
[BlackElo "1737"]
[PlyCount "93"]
[EventDate "2015.06.19"]
[EventRounds "10"]
[EventCountry "SRI"]

1. d4 f5 2. c4 Nf6 3. Nc3 e6 4. d5 e5 5. a3 d6 6. g3 Be7 7. Bg2 O-O 8. e4 Qe8
9. Qe2 a6 10. Nf3 fxe4 11. Ng5 Qg6 12. Ngxe4 Nbd7 13. O-O Nxe4 14. Bxe4 Qe8 15.
Bg2 Nf6 16. Bd2 Bg4 17. f3 Bd7 18. Rae1 Qh5 19. g4 Qg6 20. h3 Rae8 21. Ne4 Nxe4
22. Qxe4 Qxe4 23. fxe4 Bh4 24. Rxf8+ Rxf8 25. Rf1 Ba4 26. Rxf8+ Kxf8 27. Bc3
Bg3 28. Bf1 Bc2 29. Kg2 Bf4 30. Kf3 Ke7 31. Be1 Bc1 32. Bc3 Kf6 33. h4 h6 34.
Be2 Bb3 35. Bd3 Bf4 36. Ba5 b6 37. Be1 g6 38. Bb4 Ke7 39. Be1 Kd7 40. Bb4 Kc8
41. Be1 Kb7 42. Bb4 Bc1 43. Bc3 a5 44. Bf1 Bc2 45. Be2 c5 46. Bf1 a4 47. Be2
 1/2-1/2

[Event "Sri Lanka National B Chess Championship 2015"]
[Site "SLIIT, Malabe"]
[Date "2015.06.21"]
[Round "6"]
[Board "17"]
[White "Munasinghe, Thisura"]
[Black "Nanayakkara, J A G Ganganath"]
[Result "1/2-1/2"]
[WhiteElo "1833"]
[BlackElo "1662"]
[PlyCount "53"]
[EventDate "2015.06.19"]
[EventRounds "10"]
[EventCountry "SRI"]

1. e4 c5 2. c3 d5 3. exd5 Nf6 4. c4 e6 5. dxe6 Bxe6 6. Nf3 Qe7 7. d4 Bg4+ 8.
Be3 Bxf3 9. gxf3 cxd4 10. Qxd4 Nc6 11. Qc3 Qe6 12. a3 g6 13. Nd2 Bg7 14. Be2
O-O 15. Qc2 Rac8 16. O-O Rfd8 17. Nb3 Qh3 18. Bf4 Ne7 19. Rfd1 Nf5 20. Bg3 Nh4
21. Bxh4 Qxh4 22. Rxd8+ Rxd8 23. Rd1 Nh5 24. Rxd8+ Qxd8 25. Qd3 Qh4 26. Bf1 Be5
27. h3 1/2-1/2

[Event "Sri Lanka National B Chess Championship 2015"]
[Site "SLIIT, Malabe"]
[Date "2015.06.21"]
[Round "6"]
[Board "18"]
[White "Prabath, D G Ravi"]
[Black "Marasinghe, H N B"]
[Result "1/2-1/2"]
[WhiteElo "1812"]
[BlackElo "1677"]
[PlyCount "124"]
[EventDate "2015.06.19"]
[EventRounds "10"]
[EventCountry "SRI"]

1. e4 c5 2. Nc3 e6 3. g3 Nc6 4. Bg2 Nge7 5. d3 d6 6. Be3 g6 7. Qd2 Bg7 8. Bh6
Bf6 9. Nf3 Nd4 10. Nd1 Ng8 11. Be3 h5 12. c3 Nxf3+ 13. Bxf3 e5 14. Bg2 Be6 15.
f4 Rc8 16. Nf2 Qd7 17. Rd1 b6 18. b3 Bg7 19. O-O h4 20. g4 exf4 21. Bxf4 Bxg4
22. Nxg4 Qxg4 23. h3 Qd7 24. d4 cxd4 25. cxd4 Bh6 26. Bxh6 Nxh6 27. Qf4 Qe7 28.
Rc1 Rxc1 29. Qxc1 Kf8 30. e5 dxe5 31. Re1 Kg7 32. Rxe5 Qb4 33. Qc4 Qxc4 34.
bxc4 Rc8 35. c5 bxc5 36. dxc5 Rc7 37. c6 Nf5 38. Rb5 Nd4 39. Rb7 Rc8 40. Bd5
Nxc6 41. Rxf7+ Kh6 42. Rf4 Ne7 43. Rxh4+ Kg7 44. Bb3 Rc5 45. Rd4 a5 46. Kf2 Kf6
47. Rd6+ Kg5 48. Rd4 Nf5 49. Rg4+ Kf6 50. Rf4 Re5 51. Bc2 Rb5 52. Kf3 Rb2 53.
Bb3 Rh2 54. Ra4 Rxh3+ 55. Kf2 Rh2+ 56. Kg1 Rb2 57. Rxa5 g5 58. Bd5 Ne3 59. Bc6
g4 60. Ra3 Nc4 61. Rc3 Ne5 62. Bd5 Kg5 1/2-1/2

[Event "Sri Lanka National B Chess Championship 2015"]
[Site "SLIIT, Malabe"]
[Date "2015.06.21"]
[Round "6"]
[Board "19"]
[White "Weerakoon, R K B"]
[Black "Samaranayake, K P R N"]
[Result "0-1"]
[WhiteElo "1535"]
[BlackElo "1806"]
[PlyCount "64"]
[EventDate "2015.06.19"]
[EventRounds "10"]
[EventCountry "SRI"]

1. e4 c5 2. Nf3 e6 3. d4 cxd4 4. Nxd4 a6 5. Nc3 Qc7 6. Be2 Bb4 7. Bd2 Nf6 8.
Bd3 O-O 9. O-O Be7 10. Re1 d6 11. Nf3 Nc6 12. Qe2 b5 13. h3 Ne5 14. Nxe5 dxe5
15. Nd1 Bb7 16. f3 Nh5 17. Ne3 Nf4 18. Qf1 Rad8 19. Red1 Bc5 20. Kh1 Qb6 21.
Ng4 Nh5 22. Be1 Qc7 23. c3 f5 24. Nh2 fxe4 25. Bxe4 Bxe4 26. Rxd8 Qxd8 27. Qe2
Bd5 28. Qxe5 Rf5 29. Qe2 Bc4 30. Qc2 Re5 31. Rd1 Rxe1+ 32. Nf1 Ng3+ 0-1

[Event "Sri Lanka National B Chess Championship 2015"]
[Site "SLIIT, Malabe"]
[Date "2015.06.27"]
[Round "7"]
[Board "1"]
[White "Galappaththi, Chinthaka Anurud"]
[Black "Edirisinghe, Dulan"]
[Result "1/2-1/2"]
[WhiteElo "2129"]
[BlackElo "2035"]
[PlyCount "20"]
[EventDate "2015.06.19"]
[EventRounds "10"]
[EventCountry "SRI"]

1. Nf3 Nf6 2. d4 c5 3. d5 b5 4. c4 bxc4 5. Nc3 d6 6. e4 g6 7. Bxc4 Bg7 8. h3
O-O 9. O-O Qb6 10. Qe2 Ba6 1/2-1/2

[Event "Sri Lanka National B Chess Championship 2015"]
[Site "SLIIT, Malabe"]
[Date "2015.06.27"]
[Round "7"]
[Board "4"]
[White "Weerasinghe, Chamath"]
[Black "Piyumantha, M Sasith Nipun"]
[Result "0-1"]
[WhiteElo "1825"]
[BlackElo "1796"]
[PlyCount "84"]
[EventDate "2015.06.19"]
[EventRounds "10"]
[EventCountry "SRI"]

1. e4 c5 2. Nf3 g6 3. d4 cxd4 4. Nxd4 Nc6 5. Nc3 Bg7 6. Be3 Nf6 7. Nxc6 bxc6 8.
e5 Ng8 9. f4 d6 10. Bc4 Nh6 11. Qd2 O-O 12. O-O-O Bg4 13. Be2 Bxe2 14. Qxe2 Qc7
15. Bd4 dxe5 16. Bxe5 Bxe5 17. Qxe5 Qxe5 18. fxe5 Rfd8 19. h3 Nf5 20. g4 Nd4
21. Rd3 Kg7 22. Rhd1 Ne6 23. Ne4 Rxd3 24. Rxd3 Rd8 25. Rxd8 Nxd8 26. Nc5 f6 27.
e6 h5 28. Kd2 hxg4 29. hxg4 Kh6 30. Ke3 Kg5 31. Kf3 f5 32. Kg3 Kf6 33. Kf4
Nxe6+ 34. Nxe6 Kxe6 35. gxf5+ gxf5 36. c4 c5 37. a3 a5 38. b3 Kf6 39. Kf3 e5
40. Ke3 e4 41. Kf4 Ke6 42. Ke3 Ke5 0-1

[Event "Sri Lanka National B Chess Championship 2015"]
[Site "SLIIT, Malabe"]
[Date "2015.06.27"]
[Round "7"]
[Board "5"]
[White "Gunaratne, Mojitha Sathsara"]
[Black "Kurukulasuriya, Prasanna"]
[Result "0-1"]
[WhiteElo "1899"]
[BlackElo "2102"]
[PlyCount "57"]
[EventDate "2015.06.19"]
[EventRounds "10"]
[EventCountry "SRI"]

1. d4 Nf6 2. c4 g6 3. Nc3 Bg7 4. Nf3 O-O 5. g3 d6 6. Bg2 Nbd7 7. O-O e5 8. dxe5
dxe5 9. e4 c6 10. Qe2 Qe7 11. h3 Ne8 12. Re1 Nc7 13. Bg5 Bf6 14. Bxf6 Qxf6 15.
b4 Re8 16. Nd1 a5 17. b5 Qe7 18. Nb2 Ne6 19. Nd3 f6 20. Qb2 Ndc5 21. Rad1 Nxd3
22. Rxd3 Nc5 23. Rdd1 Be6 24. Bf1 Nd7 25. Kh2 Qc5 26. Kg2 Qb4 27. Re3 Nb6 28.
Rc1 Red8 29. Qc3 {poor recording} 0-1

[Event "Sri Lanka National B Chess Championship 2015"]
[Site "SLIIT, Malabe"]
[Date "2015.06.27"]
[Round "7"]
[Board "6"]
[White "Bhagya, Viman"]
[Black "Dassanayake, D M G S"]
[Result "1-0"]
[WhiteElo "2023"]
[BlackElo "1845"]
[PlyCount "79"]
[EventDate "2015.06.19"]
[EventRounds "10"]
[EventCountry "SRI"]

1. d4 Nf6 2. c4 g6 3. Nf3 Bg7 4. Nc3 d5 5. Qb3 dxc4 6. Qxc4 O-O 7. e4 a6 8. e5
b5 9. Qb3 Be6 10. exf6 Bxb3 11. fxg7 Kxg7 12. axb3 Nc6 13. Be3 Nb4 14. Rc1 h6
15. Be2 Rc8 16. O-O f5 17. Bf4 g5 18. Be5+ Kh7 19. Rfd1 e6 20. Ne1 c6 21. Nd3
Nxd3 22. Rxd3 Qe7 23. Na2 g4 24. Rdc3 Qb7 25. g3 c5 26. dxc5 Qe4 27. Re3 Qb7
28. Bf1 Qd5 29. Bg2 Qd2 30. Bc3 Qd7 31. c6 Qf7 32. Rd3 Rfd8 33. Rcd1 Rxd3 34.
Rxd3 Qe8 35. Rd7+ Kg6 36. Ra7 Kh5 37. Nc1 Rd8 38. Ne2 Rd1+ 39. Bf1 e5 40. Bxe5
 1-0

[Event "Sri Lanka National B Chess Championship 2015"]
[Site "SLIIT, Malabe"]
[Date "2015.06.27"]
[Round "7"]
[Board "7"]
[White "Thilakarathne, G M S"]
[Black "De Silva, Elath Mathanga"]
[Result "0-1"]
[WhiteElo "1890"]
[BlackElo "1962"]
[PlyCount "50"]
[EventDate "2015.06.19"]
[EventRounds "10"]
[EventCountry "SRI"]

1. e4 c5 2. Nf3 Nc6 3. d4 cxd4 4. Nxd4 e5 5. Nb5 d6 6. N1c3 a6 7. Na3 b5 8. Nd5
Nge7 9. c4 Nd4 10. cxb5 Nxd5 11. exd5 Be7 12. Bc4 O-O 13. O-O f5 14. f4 axb5
15. fxe5 dxe5 16. Nxb5 Nxb5 17. d6+ Kh8 18. dxe7 Qxe7 19. Be3 Nc7 20. Qe2 Bb7
21. Rad1 Ne6 22. Bb5 Be4 23. a4 Qh4 24. Rd6 Rf7 25. Qf2 Qh5 0-1

[Event "Sri Lanka National B Chess Championship 2015"]
[Site "SLIIT, Malabe"]
[Date "2015.06.27"]
[Round "7"]
[Board "8"]
[White "Thilakarathne, G M H"]
[Black "Lasitha, Subash"]
[Result "1-0"]
[WhiteElo "1950"]
[BlackElo "1750"]
[PlyCount "99"]
[EventDate "2015.06.19"]
[EventRounds "10"]
[EventCountry "SRI"]

1. e4 c5 2. Nf3 Nc6 3. d4 cxd4 4. Nxd4 g6 5. c4 Bg7 6. Be3 Nf6 7. Nc3 O-O 8.
Be2 d6 9. O-O Bd7 10. f3 Ne8 11. Qd2 Nc7 12. Rfd1 Ne6 13. Nb3 b6 14. f4 Bc8 15.
Bf3 Bb7 16. Qf2 Bxc3 17. bxc3 Qc7 18. Nd4 Ncxd4 19. cxd4 Qxc4 20. Rac1 Qa4 21.
f5 Ng7 22. Qh4 Qd7 23. Bg4 Qd8 24. e5 f6 25. Bh6 Be4 26. fxg6 Bxg6 27. Qg3 f5
28. Bf3 d5 29. Rc6 Rf7 30. e6 Rf6 31. Qe5 Rc8 32. Bxd5 Rxc6 33. Bxc6 Nxe6 34.
Bd5 Bf7 35. Be3 Nf8 36. Bxf7+ Rxf7 37. d5 Qd6 38. Qd4 f4 39. Bf2 Rf5 40. Qe4
Re5 41. Qf3 Ng6 42. h4 h5 43. Rd3 Rf5 44. Qe4 Qe5 45. Qc4 Qd6 46. Qe4 Rf8 47.
Rc3 Ne5 48. Bd4 f3 49. Bxe5 f2+ 50. Kf1 {poor recording} 1-0

[Event "Sri Lanka National B Chess Championship 2015"]
[Site "SLIIT, Malabe"]
[Date "2015.06.27"]
[Round "7"]
[Board "9"]
[White "Subasinghe, K R V R"]
[Black "Herath, H M A K"]
[Result "1/2-1/2"]
[WhiteElo "1835"]
[BlackElo "1910"]
[PlyCount "160"]
[EventDate "2015.06.19"]
[EventRounds "10"]
[EventCountry "SRI"]

1. e4 c5 2. Nf3 d6 3. Bb5+ Bd7 4. Bxd7+ Qxd7 5. d3 Nc6 6. c3 g6 7. O-O Bg7 8.
Re1 Nf6 9. d4 cxd4 10. cxd4 O-O 11. Nc3 Rfd8 12. Bg5 Rac8 13. Qa4 h6 14. Bxf6
Bxf6 15. Rad1 Bg7 16. h3 b6 17. Qb5 Qb7 18. Qe2 Na5 19. Rd3 e6 20. Rdd1 a6 21.
e5 d5 22. Nh2 b5 23. Ng4 Nc4 24. Ne3 Qc7 25. Nxc4 bxc4 26. Qg4 Rb8 27. Re2 Qa5
28. h4 h5 29. Qf4 Rd7 30. g4 hxg4 31. Qxg4 Rdb7 32. Rdd2 Bh6 33. Rc2 Qd8 34. h5
Qg5 35. Qxg5 Bxg5 36. hxg6 fxg6 37. Na4 Kf7 38. Nc5 Rb6 39. b3 cxb3 40. Nxb3
Be7 41. Rc7 R8b7 42. Rec2 Rxc7 43. Rxc7 Rb4 44. Na5 Kf8 45. Nb3 Rc4 46. Rxc4
dxc4 47. Na1 Bg5 48. Kg2 Ke7 49. Kf3 Kd7 50. Ke4 Kc6 51. Nc2 Bd2 52. Na3 Be1
53. f3 c3 54. Nc2 Bd2 55. Kd3 Kb5 56. Na3+ Kb4 57. Nc2+ Kb5 58. Na3+ Kb4 59.
Nb1 Be1 60. d5 exd5 61. e6 c2 62. Kxc2 Bh4 63. Nc3 Kc5 64. Ne2 Kd6 65. Nf4 Bg5
66. e7 Bxe7 67. Nxg6 Bf6 68. Nf4 Ke5 69. Ne2 Kf5 70. Kd3 Ke6 71. a4 Kd6 72. Nc3
Kc5 73. f4 Bg7 74. Nd1 Bf6 75. Ne3 Ba1 76. f5 Bh8 77. Ng4 Kb4 78. Ne3 d4 79.
Nc2+ Kxa4 80. Nxd4 Kb4 1/2-1/2

[Event "Sri Lanka National B Chess Championship 2015"]
[Site "SLIIT, Malabe"]
[Date "2015.06.27"]
[Round "7"]
[Board "10"]
[White "Hapuarachchi, H L M"]
[Black "Mendis, W G Chinthaka"]
[Result "0-1"]
[WhiteElo "1900"]
[BlackElo "1875"]
[PlyCount "75"]
[EventDate "2015.06.19"]
[EventRounds "10"]
[EventCountry "SRI"]

1. e4 c5 2. Nc3 d6 3. f4 g6 4. Nf3 Bg7 5. Bb5+ Bd7 6. Bxd7+ Qxd7 7. O-O Nc6 8.
d3 Nf6 9. Bd2 O-O 10. Qe1 Rac8 11. Nd1 Nd4 12. Ne3 Ng4 13. Nxg4 Qxg4 14. Nxd4
cxd4 15. c3 Qd7 16. c4 f5 17. Qe2 b5 18. b3 bxc4 19. bxc4 Rc7 20. Rab1 Rb7 21.
Rb3 Rc7 22. Re1 Qa4 23. Ra1 Kh8 24. exf5 Rxf5 25. Qe6 Rf8 26. g3 Qc6 27. Re1
Qa6 28. Rb2 Qa3 29. Rb5 Qxd3 30. Ba5 Rxc4 31. Rb3 Qc2 32. Reb1 Bf6 33. Rb8 Rcc8
34. R8b2 Qc4 35. Qe1 d3 36. Rb3 Bd4+ 37. Kg2 Qd5+ 38. Kf1 0-1

[Event "Sri Lanka National B Chess Championship 2015"]
[Site "SLIIT, Malabe"]
[Date "2015.06.27"]
[Round "7"]
[Board "11"]
[White "Naotunna, Dineth Nimnaka"]
[Black "Samaranayake, K P R N"]
[Result "1-0"]
[WhiteElo "2006"]
[BlackElo "1806"]
[PlyCount "71"]
[EventDate "2015.06.19"]
[EventRounds "10"]
[EventCountry "SRI"]

1. d4 Nf6 2. c4 g6 3. Nc3 Bg7 4. e4 d6 5. f3 O-O 6. Bg5 a6 7. Qd2 Nc6 8. Nge2
Rb8 9. d5 Na5 10. Ng3 c5 11. Bh6 Bd7 12. h4 b5 13. h5 Nxc4 14. Bxc4 bxc4 15. e5
dxe5 16. Nge4 Nxe4 17. Nxe4 Qb6 18. Bxg7 Kxg7 19. hxg6 Qxg6 20. g4 h6 21. O-O-O
Rb6 22. g5 h5 23. Qh2 Bf5 24. Qxe5+ Kg8 25. Qxe7 Bxe4 26. Qxe4 Qg7 27. Rh2 Rfb8
28. Qe2 c3 29. b3 Qg6 30. f4 Qf5 31. Qe5 Qxe5 32. fxe5 c4 33. d6 cxb3 34. axb3
Rxb3 35. Ra2 Rb1+ 36. Kc2 1-0

[Event "Sri Lanka National B Chess Championship 2015"]
[Site "SLIIT, Malabe"]
[Date "2015.06.27"]
[Round "7"]
[Board "12"]
[White "Jayasundara, P K U M"]
[Black "Lakshitha, H H Sasindu"]
[Result "1-0"]
[WhiteElo "2031"]
[BlackElo "1689"]
[PlyCount "39"]
[EventDate "2015.06.19"]
[EventRounds "10"]
[EventCountry "SRI"]

1. e4 c5 2. Nc3 Nc6 3. f4 d6 4. Nf3 g6 5. Bb5 Bd7 6. O-O Bg7 7. Kh1 e6 8. Bxc6
Bxc6 9. d4 cxd4 10. Nxd4 Qb6 11. Be3 Qxb2 12. Qd2 a6 13. Rfb1 Qa3 14. Rb3 Qa5
15. Nxc6 bxc6 16. Qxd6 Rc8 17. Bb6 Qh5 18. Rd1 Nf6 19. Bc5 Bf8 20. Qxc6+ 1-0

[Event "Sri Lanka National B Chess Championship 2015"]
[Site "SLIIT, Malabe"]
[Date "2015.06.27"]
[Round "7"]
[Board "13"]
[White "Madusanka, L D P"]
[Black "Wijekoon, Chandana"]
[Result "1/2-1/2"]
[WhiteElo "1737"]
[BlackElo "2007"]
[PlyCount "84"]
[EventDate "2015.06.19"]
[EventRounds "10"]
[EventCountry "SRI"]

1. e4 c5 2. Nc3 Nc6 3. f4 g6 4. Nf3 Bg7 5. Bb5 Nd4 6. O-O Nxb5 7. Nxb5 Qb6 8.
Nc3 e6 9. Kh1 Ne7 10. Qe2 O-O 11. d3 d5 12. e5 Bd7 13. g4 Bc6 14. h4 Rac8 15.
Kh2 Qc7 16. d4 cxd4 17. Nxd4 a6 18. Be3 b5 19. Qf2 Bb7 20. Nce2 Qd7 21. g5 a5
22. Rh1 Ba6 23. h5 Rfe8 24. Kg2 b4 25. hxg6 hxg6 26. Rac1 Qa4 27. b3 Qd7 28.
Rh3 Rc7 29. Rch1 Bxe2 30. Nxe2 Nf5 31. Nd4 Rec8 32. c4 dxc4 33. Nxf5 exf5 34.
Rh7 Qd5+ 35. Kg3 cxb3 36. Rxg7+ Kxg7 37. Qh2 Kf8 38. Qh8+ Ke7 39. Qf6+ Kd7 40.
Rd1 Qxd1 41. Qxf7+ Kc6 42. Qc4+ Kd7 1/2-1/2

[Event "Sri Lanka National B Chess Championship 2015"]
[Site "SLIIT, Malabe"]
[Date "2015.06.27"]
[Round "7"]
[Board "14"]
[White "Nanayakkara, J A K Saranath"]
[Black "Prabath, D G Ravi"]
[Result "0-1"]
[WhiteElo "1872"]
[BlackElo "1812"]
[PlyCount "164"]
[EventDate "2015.06.19"]
[EventRounds "10"]
[EventCountry "SRI"]

1. Nf3 Nf6 2. g3 d5 3. Bg2 Bg4 4. O-O Nbd7 5. d4 e6 6. c3 Be7 7. Nbd2 O-O 8. h3
Bh5 9. g4 Bg6 10. Nh4 c6 11. Nxg6 hxg6 12. e4 dxe4 13. Nxe4 Nxe4 14. Bxe4 Qc7
15. f4 Nf6 16. Bg2 Rad8 17. Qf3 Rd7 18. f5 gxf5 19. gxf5 e5 20. Be3 Rfd8 21.
Rad1 Qa5 22. dxe5 Qxe5 23. Bxa7 Bc5+ 24. Bxc5 Qxc5+ 25. Kh1 Rxd1 26. Rxd1 Rxd1+
27. Qxd1 Qxf5 28. Kg1 g6 29. Qf1 Qe5 30. Qf2 Nh5 31. c4 Nf4 32. b3 Qg5 33. Kh1
Nxg2 34. Qxg2 Qxg2+ 35. Kxg2 Kf8 36. Kf3 Ke7 37. Ke4 Kd6 38. h4 b6 39. b4 b5
40. c5+ Ke6 41. Kd4 f6 42. Kd3 Ke5 43. Ke3 Kd5 44. Kd3 f5 45. Ke3 Ke5 46. Kd3
f4 47. Ke2 Ke4 48. a4 f3+ 49. Kd2 bxa4 50. b5 a3 51. bxc6 a2 52. c7 a1=Q 53.
c8=Q Qb2+ 54. Kd1 Qe2+ 55. Kc1 f2 56. Qe6+ Kf3 57. Qf6+ Kg3 58. Qd6+ Kxh4 59.
Qh2+ Kg5 60. Qg2+ Kf4 61. Qh2+ Ke4 62. Qh4+ Kd3 63. Qd8+ Kc4 64. Qg8+ Kxc5 65.
Qc8+ Kd4 66. Qd7+ Kc3 67. Qg7+ Kb4 68. Qf8+ Kb5 69. Qb8+ Kc5 70. Qc7+ Kd4 71.
Qd6+ Ke3 72. Qe6+ Kf3 73. Qh3+ Kf4 74. Qh4+ Kf5 75. Qh3+ Qg4 76. Qd3+ Qe4 77.
Qd7+ Kg5 78. Qd8+ Kg4 79. Qc8+ Qf5 80. Qc4+ Qf4+ 81. Qxf4+ Kxf4 82. Kc2 f1=Q
 0-1

[Event "Sri Lanka National B Chess Championship 2015"]
[Site "SLIIT, Malabe"]
[Date "2015.06.27"]
[Round "7"]
[Board "16"]
[White "Prabajith, Asela"]
[Black "Wijesinghe, G B"]
[Result "1-0"]
[WhiteElo "1845"]
[BlackElo "1667"]
[PlyCount "75"]
[EventDate "2015.06.19"]
[EventRounds "10"]
[EventCountry "SRI"]

1. b3 d5 2. Bb2 c5 3. e3 Nc6 4. Nf3 Bg4 5. h3 Bxf3 6. Qxf3 e5 7. Bb5 e4 8. Qe2
f5 9. O-O Nf6 10. d3 Be7 11. dxe4 fxe4 12. Rd1 a6 13. Bxc6+ bxc6 14. Nc3 O-O
15. Na4 Nd7 16. c4 Rf5 17. Rd2 Kh8 18. Rad1 Nf6 19. Rc1 Qf8 20. Rcd1 Qf7 21.
Nb6 Rb8 22. Na4 Rf8 23. cxd5 cxd5 24. Rf1 Qg6 25. Bxf6 R8xf6 26. Nc3 Qf7 27.
Qd1 d4 28. Nxe4 dxe3 29. Re2 exf2+ 30. Rfxf2 Rxf2 31. Rxf2 Rxf2 32. Nxf2 h6 33.
Qe2 Bh4 34. Nd3 Qf6 35. Qe8+ Kh7 36. Qe4+ Kh8 37. Nf4 Qd4+ 38. Qxd4 1-0

[Event "Sri Lanka National B Chess Championship 2015"]
[Site "SLIIT, Malabe"]
[Date "2015.06.27"]
[Round "7"]
[Board "17"]
[White "Nanayakkara, J A G Ganganath"]
[Black "Madushanka, Harsha"]
[Result "0-1"]
[WhiteElo "1662"]
[BlackElo "1839"]
[PlyCount "56"]
[EventDate "2015.06.19"]
[EventRounds "10"]
[EventCountry "SRI"]

1. Nf3 Nf6 2. g3 d6 3. Bg2 e5 4. d3 Nc6 5. O-O d5 6. c4 Be7 7. cxd5 Nxd5 8.
Nbd2 Be6 9. Nc4 Bf6 10. Nfd2 Qd7 11. Ne4 Be7 12. Bd2 O-O 13. Nc3 Rad8 14. Ne3
Nb6 15. a3 Nd4 16. b4 c6 17. Rb1 f5 18. Qc1 f4 19. gxf4 Nb3 20. Qd1 Nxd2 21.
Qxd2 exf4 22. Nc2 Bh3 23. Ne1 Qg4 24. f3 Qg6 25. Rf2 Bh4 26. Rf1 Bxe1 27. Rf2
Bxf2+ 28. Kxf2 Qxg2+ 0-1

[Event "Sri Lanka National B Chess Championship 2015"]
[Site "SLIIT, Malabe"]
[Date "2015.06.27"]
[Round "7"]
[Board "18"]
[White "Theekshana, H G Denuwan"]
[Black "Amarasinghe, A A C B"]
[Result "0-1"]
[WhiteElo "1654"]
[BlackElo "1829"]
[PlyCount "92"]
[EventDate "2015.06.19"]
[EventRounds "10"]
[EventCountry "SRI"]

1. d4 Nf6 2. Nf3 c5 3. d5 b5 4. c4 b4 5. b3 d6 6. Qc2 g6 7. Nbd2 Bg7 8. Bb2
Nbd7 9. e4 Qc7 10. Be2 a5 11. a3 O-O 12. axb4 cxb4 13. O-O e5 14. Ne1 Nc5 15.
Nd3 Nfxe4 16. Nxe4 Nxe4 17. Nxb4 Nc5 18. Nd3 Bf5 19. Qc3 Ne4 20. Qe1 h5 21. h3
Qb6 22. g4 Bd7 23. Bd1 Ng5 24. Kh2 hxg4 25. hxg4 f5 26. f4 Ne4 27. fxe5 dxe5
28. c5 Nxc5 29. Nxc5 Qxc5 30. Ba3 Qd4 31. Be2 Rfc8 32. Bc4 Rxc4 33. bxc4 Qxc4
34. Qd2 Qxg4 35. Rac1 Kf7 36. Qg2 Rh8+ 37. Kg1 Qd4+ 38. Rf2 Rh4 39. Bc5 Qd3 40.
Rcc2 Bb5 41. Rfd2 Qb3 42. Rb2 Qa4 43. Kf2 Rf4+ 44. Ke3 Bh6 45. d6 Rf3+ 46. Kxf3
Qf4# 0-1

[Event "Sri Lanka National B Chess Championship 2015"]
[Site "SLIIT, Malabe"]
[Date "2015.06.27"]
[Round "7"]
[Board "19"]
[White "Ranasinghe, S D"]
[Black "Gamage, H Charanga Jithmal"]
[Result "1-0"]
[WhiteElo "1813"]
[BlackElo "1653"]
[PlyCount "81"]
[EventDate "2015.06.19"]
[EventRounds "10"]
[EventCountry "SRI"]

1. c4 e5 2. g3 Nc6 3. Bg2 f5 4. Nc3 Nf6 5. e3 Bc5 6. Nge2 d6 7. d4 Bb6 8. O-O
O-O 9. a3 a5 10. Na4 Qe8 11. Nxb6 cxb6 12. Nc3 Qg6 13. Nb5 Ng4 14. h3 Nh6 15.
Nc7 Rb8 16. Nd5 Kh8 17. Nxb6 f4 18. Nxc8 Rbxc8 19. d5 Ne7 20. exf4 exf4 21.
Bxf4 Rxf4 22. gxf4 Nef5 23. Qd3 Qh5 24. Qf3 Qg6 25. Kh2 Rxc4 26. Rac1 Nh4 27.
Qg3 Rxf4 28. Rc8+ Ng8 29. Qxg6 hxg6 30. Rd8 Nf5 31. Re1 Rxf2 32. Ree8 Nfh6 33.
Rxd6 Kh7 34. Rb6 Nf6 35. Re1 Nxd5 36. Rxb7 Nf5 37. Kg1 Rd2 38. Rd7 Nfe3 39.
Rxd5 Rxg2+ 40. Kh1 Nxd5 41. Kxg2 1-0

[Event "Sri Lanka National B Chess Championship 2015"]
[Site "SLIIT, Malabe"]
[Date "2015.06.27"]
[Round "7"]
[Board "20"]
[White "Lamawansa, Yasas"]
[Black "Anojman, S."]
[Result "1-0"]
[WhiteElo "1960"]
[BlackElo "1610"]
[PlyCount "141"]
[EventDate "2015.06.19"]
[EventRounds "10"]
[EventCountry "SRI"]

1. d4 d5 2. c4 e6 3. Nf3 Nf6 4. g3 dxc4 5. Bg2 c5 6. O-O Nc6 7. Ne5 Nd5 8. Na3
cxd4 9. Nxc6 bxc6 10. Qxd4 Ba6 11. Nxc4 c5 12. Qe4 Be7 13. Rd1 Bb7 14. Qc2 Qc7
15. a3 O-O 16. e4 Nb6 17. Bf4 Qc8 18. Nd6 Qc6 19. Nxb7 Qxb7 20. a4 a5 21. Qc3
f6 22. Bd6 Bxd6 23. Rxd6 Rab8 24. b3 Qc7 25. Rad1 Nd5 26. R6xd5 exd5 27. Rxd5
Rfd8 28. Rxc5 Qe7 29. Qc4+ Kh8 30. h4 Rb4 31. Qc2 Rxb3 32. Rxa5 Rbb8 33. Rc5
Qd7 34. Rd5 Qa7 35. Bh3 Re8 36. Bd7 Red8 37. Bb5 Qe7 38. Qd3 h6 39. Kg2 Qc7 40.
Qf3 Rf8 41. Rd7 Qe5 42. Qg4 f5 43. exf5 Rxf5 44. Bd3 Rbf8 45. Bxf5 Rxf5 46. Qd4
Qxd4 47. Rxd4 Ra5 48. Kf3 Kg8 49. Ke4 Kf7 50. Kd3 Ke6 51. Kc3 Ke5 52. Rg4 Kf5
53. Rf4+ Ke5 54. Kb4 Rd5 55. Rg4 Rd2 56. Rxg7 Rxf2 57. Kb5 Rb2+ 58. Ka6 Rb3 59.
a5 Ke4 60. Ka7 Kf3 61. a6 Kg2 62. g4 Kh3 63. g5 h5 64. Rb7 Ra3 65. g6 Kxh4 66.
g7 Rg3 67. Kb8 Kh3 68. a7 Kh2 69. a8=Q h4 70. Rb2+ Kh3 71. Qh1+ 1-0

[Event "Sri Lanka National B Chess Championship 2015"]
[Site "SLIIT, Malabe"]
[Date "2015.06.27"]
[Round "8"]
[Board "7"]
[White "Subasinghe, K R V R"]
[Black "Naotunna, Dineth Nimnaka"]
[Result "0-1"]
[WhiteElo "1835"]
[BlackElo "2006"]
[PlyCount "59"]
[EventDate "2015.06.19"]
[EventRounds "10"]
[EventCountry "SRI"]

1. e4 c5 2. Nf3 Nc6 3. Bb5 Nf6 4. d3 Qa5+ 5. Nc3 Nd4 6. Bc4 b5 7. Bb3 Nxb3 8.
cxb3 e6 9. O-O b4 10. Ne2 d5 11. Ng3 Be7 12. Re1 O-O 13. a3 dxe4 14. dxe4 Ba6
15. Bg5 Rfd8 16. Qc1 bxa3 17. bxa3 Rd3 18. e5 Nd5 19. Bxe7 Nxe7 20. b4 cxb4 21.
axb4 Qb6 22. Rd1 Rxd1+ 23. Qxd1 Rd8 24. Qa4 Bb5 25. Qa3 Rd3 26. Qc1 Qd8 27. h3
h6 28. Qe1 Qb6 29. Ne2 Nf5 30. Nc3 {poor recording} 0-1

[Event "Sri Lanka National B Chess Championship 2015"]
[Site "SLIIT, Malabe"]
[Date "2015.06.27"]
[Round "8"]
[Board "8"]
[White "Herath, H M A K"]
[Black "Weerasinghe, Chamath"]
[Result "1-0"]
[WhiteElo "1910"]
[BlackElo "1825"]
[PlyCount "49"]
[EventDate "2015.06.19"]
[EventRounds "10"]
[EventCountry "SRI"]

1. e4 e5 2. f4 d5 3. exd5 exf4 4. Nf3 Nf6 5. Nc3 Nxd5 6. Bc4 Nxc3 7. bxc3 Bd6
8. O-O O-O 9. d4 Nc6 10. Rb1 Kh8 11. Nd2 f5 12. Qf3 g5 13. Qh5 Qf6 14. Nf3 h6
15. g3 Bd7 16. Re1 Be8 17. Rxe8 Raxe8 18. gxf4 g4 19. Ne5 Bxe5 20. fxe5 Qg7 21.
Bxh6 Qh7 22. Qg5 b6 23. Bxf8 Rxf8 24. Rf1 Ne7 25. Qxg4 1-0